[Event "GER-chT9 LI-01 Br03 email"]
[Site "GER email"]
[Date "2011.10.16"]
[Round "?"]
[White "Kogler, Klaus"]
[Black "Pentzien, Volker"]
[Result "1/2-1/2"]
[WhiteElo "2289"]
[BlackElo "2232"]
[PlyCount "145"]
[EventDate "2011.10.23"]
[EventType "tourn (corr)"]
[EventRounds "9"]
[EventCountry "GER"]
[SourceTitle "Corr 2015"]
[Source "ChessBase"]
[SourceDate "2015.07.17"]
[SourceVersion "1"]
[SourceVersionDate "2015.07.17"]
[SourceQuality "1"]

1. e4 e5 2. Nf3 Nc6 3. Bc4 Bc5 4. c3 Nf6 5. d3 a6 6. Bb3 Ba7 7. 0-0 d6 8. h3 h6 9. Be3 0-0 10. Nbd2 Bxe3 11. fxe3 Na5 12. Bc2 c5 13. Qe1 Nc6 14. Nh4 Ne7 15. g4 b5 16. Qg3 Nh7 17. Rf2 Qc7 18. Nf5 Nxf5 19. exf5 Bb7 20. h4 f6 21. Bb3+ d5 22. d4 c4 23. Bc2 Rf7 24. Nf3 Re8 25. Kh2 Rfe7 26. Rg1 exd4 27. Qxc7 Rxc7 28. exd4 Kf7 29. Ne1 Bc6 30. Ng2 Ke7 31. Re2+ Kd6 32. Rxe8 Bxe8 33. Kg3 Re7 34. Kf2 a5 35. Ne3 Bc6 36. Ke2 Nf8 37. Kd2 b4 38. Bd1 Rb7 39. Kc1 Nd7 40. Re1 Nb6 41. g5 fxg5 42. hxg5 hxg5 43. Rg1 Nd7 44. Rxg5 bxc3 45. bxc3 Nf6 46. Bf3 Re7 47. Kd2 Rb7 48. Ke1 a4 49. Kf2 Rb2+ 50. Kg3 Rb3 51. Nd1 Rb7 52. Kf4 a3 53. Ne3 Ra7 54. Nc2 Ba4 55. Nxa3 Be8 56. Nc2 Rxa2 57. Nb4 Ra3 58. Rxg7 Rxc3 59. Ra7 Rb3 60. Ra6+ Kd7 61. Nc2 Ke7 62. Ra7+ Kd6 63. Ne3 Rd3 64. Ra6+ Ke7 65. Nxd5+ Nxd5+ 66. Bxd5 c3 67. f6+ Kf8 68. Ra8 Rxd4+ 69. Ke5 c2 70. Rc8 Rd1 71. f7 Rxd5+ 72. Kxd5 Kxf7 73. Rxc2 1/2-1/2